000 00430nam a22001457a 4500
005 20150929115113.0
008 150929b xxu||||| |||| 00| 0 eng d
040 _cPK-LaUMT
082 _aKHC 954.92
_bABD-M
100 _aعبدالحمید
245 _aمشرقی پاکستان کا تاریخی پس منظر
_cعبدالحمید
260 _aکراچی
_bانجمن خوشنویساں
_c1971
300 _a44 ص
942 _cBK
999 _c76762
_d76762